000 00966nas a2200337 4500
001 BR9801262
003 BR-BrBNA
005 20231205100948.0
007 ta
008 230509b bl.|||p| |||| 00| 00por d
040 _aBR-BrBNA
_bpor
_cBiblioteca Nacional de Agricultura
041 _a(Pt)
072 _aP33; P35
100 1 _aSouza, L. da S.
100 1 _aCogo, N.P.
100 1 _aVieira, S.R.
245 1 _aVariabilidade de propriedades fisicas e quimicas do solo em um pomar citrico
650 _aLaranja
650 _aSolo
650 _aQuimica do Solo
650 _aFisica do Solo
650 _aAmostragem
650 _aPomar
650 _aPotassio
650 _aFosforo
650 _aFertilidade do Solo
650 _aModelo Matematico
773 0 _tRevista Brasileira de Ciencia do Solo (Brazil)
_xISSN 0100-0683
_g(Jul-Sep 1997), v. 21(3) p. 367-372
_wBR9801262
909 _a202311
_bLúcia
_c55
_dLúcia Elande
942 _2AGRIS
_n0
_cANA
999 _c159038
_d159038